Studies on intercropping in rubber plantation with ginger, plantain and gingelly in Taliparamba taluk (Record no. 52909)

MARC details
000 -LEADER
fixed length control field 00515nam a2200145Ia 4500
100 ## - MAIN ENTRY--AUTHOR NAME
Personal name Simon P.C.
245 #0 - TITLE STATEMENT
Title Studies on intercropping in rubber plantation with ginger, plantain and gingelly in Taliparamba taluk
260 ## - PUBLICATION, DISTRIBUTION, ETC. (IMPRINT)
Name of publisher Dissertation, PG Diploma in Natural Rubber Production, Kerala Agricultural University, Trichur, India, 37 p.
Year of publication 1992
650 ## - SUBJECT ADDED ENTRY--TOPICAL TERM
Topical Term Gingelly
650 ## - SUBJECT ADDED ENTRY--TOPICAL TERM
Topical Term Ginger
650 ## - SUBJECT ADDED ENTRY--TOPICAL TERM
Topical Term Intercropping
650 ## - SUBJECT ADDED ENTRY--TOPICAL TERM
Topical Term Rubber plantation
942 ## - ADDED ENTRY ELEMENTS (KOHA)
Koha item type Bibliography STAF
Holdings
Withdrawn status Lost status Damaged status Not for loan Home library Current library Date acquired Koha item type
      Bibliography RRII Library RRII Library 09/04/2014 Bibliography STAF